All AJR Songs (collabs included) - Statistics

General Stats
  • This quiz has been taken 521 times
    251 since last reset
  • The average score is 54 of 87
Answer Stats
Hint Answer % Correct
The Maybe Man Maybe Man
87%
The Click Turning Out
84%
Neotheater Turning Out Pt. ii
84%
The Maybe Man Turning Out Pt. III
84%
The Click Weak
82%
OK Orchestra Bang!
81%
The Maybe Man 2085
80%
Living Room Overture
80%
The Click Overture
80%
What No One's Thinking Betty
79%
The Maybe Man Inertia (Acoustic)
79%
The Maybe Man Inertia
78%
OK Orchestra OK Overture
78%
Living Room I'm Ready
77%
Neotheater Karma
75%
The Click Sober Up (feat. Rivers Cuomo)
74%
OK Orchestra World's Smallest Violin
74%
Neotheater Birthday Party
73%
The Click (Deluxe) Burn The House Down
73%
The Maybe Man Steve's Going to London
73%
What No One's Thinking The Big Goodbye
73%
The Maybe Man Yes I'm A Mess
73%
Neotheater 100 Bad Days
71%
What No One's Thinking A Dog Song
71%
The Maybe Man The Dumb Song
70%
The Maybe Man Touchy Feely Fool
70%
Neotheater Don't Throw Out My Legos
69%
Neotheater Finale (Can't Wait To See What You Do Next)
69%
OK Orchestra Way Less Sad
69%
The Click Come Hang Out
68%
Neotheater Dear Winter
68%
Neotheater+ Dear Winter 2.0
68%
The Maybe Man Hole in the Bottom of My Brain
68%
Living Room Thirsty
68%
OK Orchestra Christmas in June
67%
Living Room Infinity
67%
The Maybe Man The DJ is Crying for Help
67%
What No One's Thinking The Plane That Never Lands
67%
OK Orchestra Bummerland
66%
OK Orchestra 3 O'Clock Things
65%
The Maybe Man God is Really Real
65%
The Click Drama
64%
The Maybe Man I Won't
64%
OK Orchestra Joe
64%
Neotheater Next Up Forever
64%
The Click The Good Part
63%
Neotheater Beats
62%
The Click (Deluxe) Pretender - Acoustic
62%
Collaborations Pretender (feat. Lil Yachty & AJR)
62%
Neotheater Break My Face
61%
The Click Call My Dad
61%
OK Orchestra My Play
61%
OK Orchestra Ordinaryish People (feat. Blue Man Group)
61%
Neotheater Wow, I'm Not Crazy
61%
OK Orchestra Adventure Is Out There
60%
The Click No Grass Today
60%
Living Room Pitchfork Kids
60%
Collaborations Record Player (with AJR)
60%
What No One's Thinking I'm Sorry You Went Crazy
59%
The Click Netflix Trip
58%
OK Orchestra The Trick
58%
The Click I'm Not Famous
57%
OK Orchestra Humpty Dumpty
56%
The Click (Deluxe) Normal
56%
The Click Three-Thirty
56%
Miscellaneous Let the Games Begin
55%
Neotheater The Entertainment's Here
55%
Living Room Big Idea
52%
Living Room Big White Bed
52%
Living Room Growing Old on Bleecker Street
52%
Living Room Woody Allen
52%
The Click (Deluxe) Role Models
50%
Living Room The World Is a Marble Heart
50%
Collaborations All My Favorite Songs (feat. AJR)
49%
The Click Bud Like You
49%
Miscellaneous It's On Us (Benefitting the "It's On Us" Campaign)
48%
Living Room The Green and the Town
47%
Living Room My Calling
46%
Living Room Livin' on Love
45%
Miscellaneous 3AM
43%
Miscellaneous Buy You a Rose
42%
Collaborations The Lotto
40%
Miscellaneous Alice by the Hudson
35%
Miscellaneous AfterHours
31%
Collaborations Too Late (with AJR)
30%
Collaborations Celebrate
29%
Collaborations Darlin' (feat. AJR)
20%
No matching quizzes found
Score Distribution
Percent of People with Each Score
Percentile by Number Answered
Your Score History
You have not taken this quiz since the last reset